00619nam a2200193Ia 4500008004100000100002200041245002500063245002100088260002500109260000900134300003200143440009100175650001100266650001700277650001400294650002400308999001900332952007400351200115s9999 xx 000 0 und d aRideout, Samantha aManaging nosebleeds/ cSamantha Rideout bReader's Digest Asia c2019 aPages 20-21, September 2019 aAsia Reader's Digest: My Coma Miracle Cyclist's Triumph after horror accidentv116:679 ahealth amedical care anosebleed anosebleed treatment c362930d362930 001040aLuxbLuxd2020-01-15l0r2020-01-15 00:00:00w2020-01-15ySE